Music Quiz

Random Music or Taylor Swift Quiz

One-Word Taylor Swift Songs Quiz Stats

 Plays Quiz Updated Oct 17, 2016

Challenge
Share
Tweet
Embed
Score 0/18 Timer 03:00
10 Plays Today
Song % Correct
Red
88.7%
Fearless
83%
Mine
71.5%
Mean
66.9%
22
64.8%
Delicate
63.5%
Gorgeous
63.1%
Dress
62.7%
Style
59.9%
Song % Correct
Fifteen
58.9%
Clean
54.3%
Enchanted
53.4%
Haunted
51%
Change
48.3%
Breathe
46.4%
Innocent
45.7%
Treacherous
43%
Starlight
41.2%

You're not logged in!

Compare scores with friends on all Sporcle quizzes.
OR
Log In

You Might Also Like...

Show Comments

Extras

Top Quizzes Today


Score Distribution

Your Account Isn't Verified!

In order to create a playlist on Sporcle, you need to verify the email address you used during registration. Go to your Sporcle Settings to finish the process.

Report this User

Report this user for behavior that violates our Community Guidelines.

Details: